| 000 | 00578nam a22001577a 4500 | ||
|---|---|---|---|
| 082 | _a004 | ||
| 100 | _aZahra, Dua E ; Tahir, Huzaifa ; Zeeshan, Syed M. Umer ; Sajid, Danyal | ||
| 245 |
_aFori Taleem / _cDua E Zahra ; Huzaifa Tahir ; Syed M. Umer Zeeshan ; Danyal Sajid |
||
| 260 |
_aIslamabad : _bSEECS - NUST, _c2019. |
||
| 300 |
_a32 p. ; _c30cm. |
||
| 650 | _aComputer Science- Project Report | ||
| 700 | _aDr. Asad Ali Shah | ||
| 856 | _u http://10.250.8.41:8080/xmlui/handle/123456789/18895 | ||
| 942 |
_2ddc _cPR |
||
| 999 |
_c536318 _d536318 |
||